LIBRARY & INFORMATION CENTRE, KCAET, TAVANUR

ONLINE PUBLIC ACCESS CATALOGUE (OPAC)

Fertiliser usage efficiencies : A micro level study / (Record no. 1904)

MARC details
000 -LEADER
fixed length control field 00546cam a2200205ua 4500
020 ## - INTERNATIONAL STANDARD BOOK NUMBER
ISBN 81-7169-093-9
041 ## - LANGUAGE CODE
Language code of text/sound track or separate title eng
082 ## - DEWEY DECIMAL CLASSIFICATION NUMBER
Classification number 631.8
Item number SAT/FE
100 ## - MAIN ENTRY--AUTHOR NAME
Personal name Satish, S .
245 ## - TITLE STATEMENT
Title Fertiliser usage efficiencies : A micro level study /
250 ## - EDITION STATEMENT
Edition statement 1 /
260 ## - PUBLICATION, DISTRIBUTION, ETC. (IMPRINT)
Place of publication New Delhi :
Name of publisher Commonwealth publishers ,
Year of publication 1990.
300 ## - PHYSICAL DESCRIPTION
Number of Pages 113 ; .
700 1# - ADDED ENTRY--PERSONAL NAME
Personal name Hemasekharappa, S.P .
700 1# - ADDED ENTRY--PERSONAL NAME
Personal name Sai, H.S .
942 ## - ADDED ENTRY ELEMENTS (KOHA)
Koha item type Books
Holdings
Withdrawn status Lost status Damaged status Home library Current library Date acquired Full call number Accession Number Koha item type
      KAUAET KAUAET 07/04/2012 631.8 19719 Books
free website counter